|
|
|
|
| LEADER |
01249nam a22002537a 4500 |
| 001 |
AAL7125 |
| 003 |
BD-DhAAL |
| 005 |
20160524101017.0 |
| 008 |
160524s 2008bg ||||| b||| 00| 0 ben d |
| 020 |
|
|
|a 9847011700373
|
| 040 |
|
|
|a BD-DhAAL
|c BD-DhAAL
|
| 082 |
|
|
|a 211.4
|
| 245 |
|
|
|a রোকেয়া :
|b যুক্তিবাদ নবজাগরণ ও শিক্ষা সমাজতত্ত্ব /
|c সম্পাদনা আনোয়ারুল্লাহ ভূঁইয়া
|
| 260 |
|
|
|a ঢাকা :
|b রোদেলা প্রকাশনী,
|c ২০০৮
|
| 300 |
|
|
|a ৩৯৯ পৃ. ;
|c ২২ সে.মি.
|
| 504 |
|
|
|6 Includes bibliography
|
| 541 |
|
|
|e 7125
|
| 650 |
|
|
|a দর্শন
|9 19575
|
| 700 |
|
|
|a ভূঁইয়া, আনোয়ারুল্লাহ
|9 19576
|
| 852 |
|
|
|a Savar Campus Library
|c General Shelf
|
| 942 |
|
|
|2 ddc
|c BK
|
| 999 |
|
|
|c 37564
|d 37564
|
| 952 |
|
|
|0 0
|1 0
|2 ddc
|4 0
|6 211_400000000000000_ROK
|7 0
|9 59035
|a SCL
|b SCL
|c GEN
|d 2016-05-24
|g 400.00
|l 2
|o 211.4 ROK
|p 3020007125
|r 2023-08-22
|s 2023-08-16
|t 1
|w 2016-05-24
|y BK
|
| 952 |
|
|
|0 0
|1 0
|2 ddc
|4 0
|6 211_400000000000000_ROK
|7 0
|9 59036
|a SCL
|b SCL
|c GEN
|d 2016-05-24
|g 400.00
|l 1
|o 211.4 ROK
|p 3020007126
|r 2024-03-24
|s 2024-03-21
|t 2
|w 2016-05-24
|y BK
|